<?xml version="1.0" encoding="UTF-8"?>
<record
    xmlns:xsi="http://www.w3.org/2001/XMLSchema-instance"
    xsi:schemaLocation="http://www.loc.gov/MARC21/slim http://www.loc.gov/standards/marcxml/schema/MARC21slim.xsd"
    xmlns="http://www.loc.gov/MARC21/slim">

  <leader>02292nam a22002897a 4500</leader>
  <controlfield tag="003">DO-SdBNP</controlfield>
  <controlfield tag="005">20240229163822.0</controlfield>
  <controlfield tag="007">ta</controlfield>
  <controlfield tag="008">210429b2019    dr a b|er ||| 001 1dspa d</controlfield>
  <datafield tag="020" ind1=" " ind2=" ">
    <subfield code="a">9789945505054</subfield>
  </datafield>
  <datafield tag="040" ind1=" " ind2=" ">
    <subfield code="a">DO-SdBNP</subfield>
    <subfield code="b">spa</subfield>
    <subfield code="c">BNPHU</subfield>
  </datafield>
  <datafield tag="041" ind1=" " ind2=" ">
    <subfield code="h">spa</subfield>
  </datafield>
  <datafield tag="082" ind1=" " ind2="4">
    <subfield code="a"> 972.9353</subfield>
    <subfield code="b">R696g, 2019</subfield>
    <subfield code="2">22</subfield>
  </datafield>
  <datafield tag="100" ind1="1" ind2=" ">
    <subfield code="a">Rodr&#xED;guez, Carlos Rafael,</subfield>
    <subfield code="d">1913-1997</subfield>
    <subfield code="9">19221</subfield>
  </datafield>
  <datafield tag="245" ind1="1" ind2="0">
    <subfield code="a">Guaraguan&#xF3; :</subfield>
    <subfield code="b">resumen hist&#xF3;rico del municipio de Monci&#xF3;n /</subfield>
    <subfield code="c">Carlos Rafael Rodr&#xED;guez ; pr&#xF3;logo Galindo Mart&#xED;nez.</subfield>
  </datafield>
  <datafield tag="250" ind1=" " ind2=" ">
    <subfield code="a">2a. ed.</subfield>
  </datafield>
  <datafield tag="260" ind1=" " ind2=" ">
    <subfield code="a">Santo Domingo :</subfield>
    <subfield code="b">Centenario,</subfield>
    <subfield code="c">2019.</subfield>
  </datafield>
  <datafield tag="300" ind1=" " ind2=" ">
    <subfield code="a">327p. :</subfield>
    <subfield code="b">ilustraciones y mapas ;</subfield>
    <subfield code="c">21 cm.</subfield>
  </datafield>
  <datafield tag="500" ind1=" " ind2=" ">
    <subfield code="a">Incluye datos biogr&#xE1;ficos del autor en las solapas</subfield>
  </datafield>
  <datafield tag="505" ind1="0" ind2=" ">
    <subfield code="a">1. Divisi&#xF3;n pol&#xED;tica de la isla.-</subfield>
    <subfield code="t">2.Origen de Guaraguan&#xF3; -- </subfield>
    <subfield code="t">3.  La mata de Guaraguan&#xF3; --</subfield>
    <subfield code="t">4. Sitio catastral de Guaraguan&#xF3; -- </subfield>
    <subfield code="t">5. Fundaci&#xF3;n : primeros habitantes --</subfield>
    <subfield code="t">6.  Formaci&#xF3;n del poblado de Guaraguan&#xF3;.--</subfield>
    <subfield code="t">7. Secci&#xF3;n de Guaraguan&#xF3; --</subfield>
    <subfield code="t">8. Episodios de la Restauraci&#xF3;n -- </subfield>
    <subfield code="t">9. Puesto cantonal de Guaraguan&#xF3; --</subfield>
    <subfield code="t">10. Cambio de nombre. Puesto cantonal de Monci&#xF3;n --</subfield>
    <subfield code="t">11. Puesto militar/Puesto cantonal --</subfield>
    <subfield code="t">12. Municipio de Monci&#xF3;n --</subfield>
    <subfield code="t">13. Creencias sobrenaturales y religiosas --</subfield>
    <subfield code="t">14. Carlos de Vargas --</subfield>
    <subfield code="t">15. Estudios geol&#xF3;gicos --</subfield>
    <subfield code="t">16. Centro de minas --</subfield>
    <subfield code="t">17. Personalidades --</subfield>
    <subfield code="t">18. Primera iglesia --</subfield>
    <subfield code="t">19. Las fiestas patronales de San Antonio --</subfield>
    <subfield code="t">20. Partidos pol&#xED;ticos --</subfield>
    <subfield code="t">21. Visitantes distinguidos --</subfield>
    <subfield code="t">22. El club recreativo Guaraguan&#xF3; --</subfield>
    <subfield code="t">23. Desarrollo cultural --</subfield>
    <subfield code="t">24. Indice de leyes y decretos sobre el municipio de Monci&#xF3;n --</subfield>
    <subfield code="t">25. El Plan Sierra --</subfield>
    <subfield code="t">26. Presa de Monci&#xF3;n --</subfield>
    <subfield code="t">27. Deportes --</subfield>
    <subfield code="t">28. Cooperativa de Ahorros y Pr&#xE9;stamos Mamoncito --</subfield>
    <subfield code="t">29. Atractivos naturales --</subfield>
    <subfield code="t">30. Complejo agroindustrial/Federaci&#xF3;n Campesina Guaraguan&#xF3; --</subfield>
    <subfield code="t">31. Militares y polic&#xED;as --</subfield>
    <subfield code="t">32. Primera carretera --</subfield>
    <subfield code="t">33. Telecomunicaciones --</subfield>
    <subfield code="t">34. Primer acueducto --</subfield>
    <subfield code="t">35. Primer hospital --</subfield>
    <subfield code="t">36. Alumbrado el&#xE9;ctrico .</subfield>
  </datafield>
  <datafield tag="590" ind1=" " ind2=" ">
    <subfield code="a">Inventariado, 2023/BT</subfield>
  </datafield>
  <datafield tag="650" ind1=" " ind2="4">
    <subfield code="a">Ciudades y pueblos</subfield>
    <subfield code="z">Rep&#xFA;blica  Dominicana </subfield>
    <subfield code="z"> Monci&#xF3;n (Municipio)   </subfield>
    <subfield code="9">784</subfield>
  </datafield>
  <datafield tag="651" ind1=" " ind2="0">
    <subfield code="a">Monci&#xF3;n (Rep&#xFA;blica Dominicana : Municipio)</subfield>
    <subfield code="x">Historia local</subfield>
    <subfield code="9">78533</subfield>
  </datafield>
  <datafield tag="700" ind1="1" ind2=" ">
    <subfield code="a">Mart&#xED;nez, Galindo,</subfield>
    <subfield code="e">pr&#xF3;logo</subfield>
    <subfield code="9">38849</subfield>
  </datafield>
  <datafield tag="910" ind1=" " ind2=" ">
    <subfield code="a">Validado. Control de calidad MFF</subfield>
  </datafield>
  <datafield tag="942" ind1=" " ind2=" ">
    <subfield code="2">ddc</subfield>
    <subfield code="c">LBS1</subfield>
  </datafield>
  <datafield tag="952" ind1=" " ind2=" ">
    <subfield code="0">0</subfield>
    <subfield code="1">0</subfield>
    <subfield code="2">ddc</subfield>
    <subfield code="5">1</subfield>
    <subfield code="7">0</subfield>
    <subfield code="8">PD</subfield>
    <subfield code="a">BNPHU</subfield>
    <subfield code="b">BNPHU</subfield>
    <subfield code="c">HD</subfield>
    <subfield code="d">2021-03-04</subfield>
    <subfield code="e">Dep&#xF3;sito Legal</subfield>
    <subfield code="o">BNPHU PD 972.9353 R696g, 2019</subfield>
    <subfield code="p">2021-1630</subfield>
    <subfield code="r">2021-04-29</subfield>
    <subfield code="w">2021-04-29</subfield>
    <subfield code="y">LBS1</subfield>
  </datafield>
  <datafield tag="952" ind1=" " ind2=" ">
    <subfield code="0">0</subfield>
    <subfield code="1">0</subfield>
    <subfield code="2">ddc</subfield>
    <subfield code="5">1</subfield>
    <subfield code="7">0</subfield>
    <subfield code="8">PD</subfield>
    <subfield code="a">BNPHU</subfield>
    <subfield code="b">BNPHU</subfield>
    <subfield code="c">HD</subfield>
    <subfield code="d">2021-03-04</subfield>
    <subfield code="e">Dep&#xF3;sito Legal</subfield>
    <subfield code="o">BNPHU PD 972.9353 R696g, 2019</subfield>
    <subfield code="p">2021-1633</subfield>
    <subfield code="r">2021-04-29</subfield>
    <subfield code="t">e.2</subfield>
    <subfield code="w">2021-04-29</subfield>
    <subfield code="y">LBS1</subfield>
  </datafield>
  <datafield tag="952" ind1=" " ind2=" ">
    <subfield code="0">0</subfield>
    <subfield code="1">0</subfield>
    <subfield code="2">ddc</subfield>
    <subfield code="5">6</subfield>
    <subfield code="7">0</subfield>
    <subfield code="8">DS</subfield>
    <subfield code="a">BNPHU</subfield>
    <subfield code="b">BNPHU</subfield>
    <subfield code="c">HD</subfield>
    <subfield code="d">2021-03-04</subfield>
    <subfield code="e">Dep&#xF3;sito Legal</subfield>
    <subfield code="o">BNPHU DS 972.9353 R696g, 2019</subfield>
    <subfield code="p">2021-1634</subfield>
    <subfield code="r">2021-04-29</subfield>
    <subfield code="t">e.3</subfield>
    <subfield code="w">2021-04-29</subfield>
    <subfield code="y">LBS1</subfield>
  </datafield>
  <datafield tag="952" ind1=" " ind2=" ">
    <subfield code="0">0</subfield>
    <subfield code="1">0</subfield>
    <subfield code="2">ddc</subfield>
    <subfield code="5">6</subfield>
    <subfield code="7">0</subfield>
    <subfield code="8">DS</subfield>
    <subfield code="a">BNPHU</subfield>
    <subfield code="b">BNPHU</subfield>
    <subfield code="c">HD</subfield>
    <subfield code="d">2021-07-17</subfield>
    <subfield code="e">Donaci&#xF3;n</subfield>
    <subfield code="o">BNPHU DS 972.9353 R696g, 2019</subfield>
    <subfield code="p">2021-1635</subfield>
    <subfield code="r">2021-04-29</subfield>
    <subfield code="t">e.4</subfield>
    <subfield code="w">2021-04-29</subfield>
    <subfield code="y">LBS1</subfield>
  </datafield>
  <datafield tag="952" ind1=" " ind2=" ">
    <subfield code="0">0</subfield>
    <subfield code="1">0</subfield>
    <subfield code="2">ddc</subfield>
    <subfield code="5">6</subfield>
    <subfield code="7">0</subfield>
    <subfield code="8">DS</subfield>
    <subfield code="a">BNPHU</subfield>
    <subfield code="b">BNPHU</subfield>
    <subfield code="c">HD</subfield>
    <subfield code="d">2021-02-17</subfield>
    <subfield code="e">Donaci&#xF3;n</subfield>
    <subfield code="o">BNPHU DS 972.9353 R696g, 2019</subfield>
    <subfield code="p">2021-1636</subfield>
    <subfield code="r">2021-04-29</subfield>
    <subfield code="t">e.5</subfield>
    <subfield code="w">2021-04-29</subfield>
    <subfield code="y">LBS1</subfield>
  </datafield>
  <datafield tag="999" ind1=" " ind2=" ">
    <subfield code="c">49795</subfield>
    <subfield code="d">49795</subfield>
  </datafield>
</record>
